000 01288nam0a22003131 4500
001 v19\rc\1712093
005 20251113190414.8
035 _a(NLR Aleph) 004811721
090 _a4934850
_c4934850
100 _a20061002e18991899|||y0rusy50 ca
101 0 _arus
102 _aRU
105 _ay z |||||
200 1 _aК учению об остром ртутном полиневрите
_fД-р А. Фаворский, орд. Клиники нерв. болезней
210 _aКазань
_cтипо-лит. Ун-та
_d1899
215 _a19 с.
_d24
311 _aОтт. из "Учен. зап. Казан. ун-та", 1899, кн. 10
311 _aПоложения, 1901.-Без тит. л. и обл.
421 0 _11010#$arus
_12001#$aПоложения
_1210##$d1901
_1215##$a2 с.
_1300##$aБез тит. л. и обл.
_1899##$aБАН
488 0 _12001#$aУченые записки Казанского университета$v1899, кн. 10
700 1 _aФаворский
_bА. В.
_f1873-
_gАлексей Васильевич
801 0 _aRU
_bNLR
_gpsbo
801 0 _aRU
_bRuMoRGB
_2psbo
801 1 _aRU
_bProSoft-M
_2rusmarc
852 _aNLR
_j18.158.2.300
899 _aRuMoRGB
_jA 296/290
_z(без полож.)
899 _aБАН
942 _cBOOK
980 _aNB